| 000 | 00566nam a2200181Ia 4500 | ||
|---|---|---|---|
| 008 | 131103s9999 xx 000 0 und d | ||
| 040 | _aLoreto College | ||
| 041 | _aEnglish | ||
| 082 |
_a850/ALI _b#NAME? |
||
| 245 |
_aFrom time to eternity _b essays on Dante's Divine Comedy _cedited by Thomas G.Bergin |
||
| 260 |
_aNew Haven and London _bYale University Press _c1967 |
||
| 300 |
_avii,175 p. _c 20 cm. |
||
| 504 | _aIncludes index and bibliographical references | ||
| 650 | _aItalian Literature | ||
| 700 | _aBergin,Thomas | ||
| 850 | _aLCLIB | ||
| 942 | _cBK | ||
| 999 |
_c13715 _d64194 |
||